000 00701nam a2200205Ia 4500
005 20260121110032.0
008 008 260114s9999 xx 000 0 hin d
020 _a9788132351580
037 _aEBOOK
040 _aCRL
_bhin
_cCRL
041 _ahin
_2hin
084 _qCRL
100 _aसुमन कुमार / Suman Kumar
_9941247
245 0 _aजीव जगत: आवास, अनुकूलन एवं व्यवहार / Jeev Jagat: Awas, Anukoolan aur Vyavhaar
260 _bभाषा प्रकाशन / Bhasha Prakashan
_c2020
856 _uhttps://bhashaprakashan.com/product-details/378498
942 _cEBOOK
999 _c1532912
_d1532912